000 00712nam a22002537a 4500
001 BR7375473
003 BR-BrBNA
005 20230928084424.0
007 ta
008 230509b bl.||||| |||| 00| 0 por d
040 _aBR-BrBNA
_bpor
_cBiblioteca Nacional de Agricultura
041 _a(Por)
072 _aE70
090 _ E70 BR7375473
100 1 _aCavina, R.
245 1 _aPossibilidade de ser aplicado no Brasil o "Food stamp plan" [Exportacao; Consumo]
260 3 _aRio de Janeiro, GB (Brasil):
_c1945.
300 _a6 p.
500 _aReprint of "Revista Agronomia", v. 7(4). Dec - 1944
650 _aEXPORTACAO
650 _aCONSUMO
909 _a202309
_bLucia
_c55
_dLucia Elande
942 _cBK
999 _c18844
_d18844